Loading...
| Fine Arts - Classical Music and Opera | 5 | 20.00 | 100% | 80% | 20% |
| Fine Arts - Other Arts | 7 | 11.43 | 71% | 43% | 0% |
| Fine Arts - Painting and Sculpture | 7 | 10.00 | 71% | 29% | 0% |
| Geography | 2 | 20.00 | 100% | 100% | 0% |
| History - American History | 7 | 11.43 | 86% | 29% | 0% |
| History - European History | 7 | 15.71 | 100% | 43% | 14% |
| History - Other History | 6 | 16.67 | 100% | 67% | 0% |
| History - World History | 8 | 16.25 | 100% | 63% | 0% |
| Literature - American Literature | 3 | 6.67 | 67% | 0% | 0% |
| Literature - British Literature | 6 | 10.00 | 67% | 33% | 0% |
| Literature - European Literature | 5 | 4.00 | 40% | 0% | 0% |
| Literature - World Literature | 3 | 13.33 | 100% | 33% | 0% |
| Modern World | 2 | 5.00 | 50% | 0% | 0% |
| Mythology | 4 | 10.00 | 100% | 0% | 0% |
| Other Academic | 5 | 12.00 | 100% | 20% | 0% |
| Other Science (Astronomy) | 1 | 20.00 | 100% | 100% | 0% |
| Other Science (Computer Science) | 3 | 0.00 | 0% | 0% | 0% |
| Other Science (Math) | 2 | 10.00 | 100% | 0% | 0% |
| Other Science (Mixed/Any) | 1 | 20.00 | 100% | 100% | 0% |
| Philosophy | 6 | 11.67 | 67% | 50% | 0% |
| Religion | 4 | 10.00 | 100% | 0% | 0% |
| Science - Biology | 3 | 10.00 | 67% | 33% | 0% |
| Science - Chemistry | 5 | 12.00 | 100% | 0% | 20% |
| Science - Physics | 3 | 16.67 | 100% | 33% | 33% |
| Social Science | 7 | 12.86 | 86% | 43% | 0% |